Enseñanza elemental de la música mediante la práctica instrumental y vocal

Αποθηκεύτηκε σε:
Λεπτομέρειες βιβλιογραφικής εγγραφής
Κύριος συγγραφέας: Yepes, Antonio (Συγγραφέας)
Μορφή: Βιβλίο
Γλώσσα:Ισπανικά
Έκδοση: Buenos Aires Barry 1966
Θέματα:
Ετικέτες: Προσθήκη ετικέτας
Δεν υπάρχουν, Καταχωρήστε ετικέτα πρώτοι!

MARC

LEADER 00000nam a2200000 a 4500
001 UCM0310
003 CL-VaPUC
005 20220715104750.0
008 020125e19660000AG |||||||||||||||||spa|d
999 |c 299270  |d 299268 
040 |c Pontificia Universidad Católica de Valparaíso 
082 0 4 |a 780.77 YEP 1966  |2 21 
100 0 |a Yepes, Antonio  |e author  |9 467047 
245 1 0 |a Enseñanza elemental de la música mediante la práctica instrumental y vocal 
260 |a Buenos Aires  |b Barry  |c 1966 
300 |a 23 p 
583 |a last modification  |c 20020125 00:00:00  |k Rodrigo Vera 
650 0 |a Enseñanza de la música  |9 339802 
650 0 |a Material y equipos didácticos  |2 CL-VaPUC  |9 354727 
650 0 |a Pentafonía  |9 467015 
650 0 |a Elementos de la música  |2 CL-VaPUC  |9 416977 
942 |c BK  |2 ddc 
945 |d 20020125 00:00:00  |a lriquelm 
952 |0 0  |1 0  |4 0  |6 780_770000000000000_YEP_1966  |7 0  |8 A  |9 355581  |a BIBEDU  |b BIBEDU  |d 2019-11-21  |i 1157183  |o 780.77 YEP 1966  |p 1157183  |r 2023-01-12  |w 2019-11-21  |y BK  |k MUS 
952 |0 0  |1 0  |4 0  |6 780_770000000000000_YEP_1966  |7 0  |8 A  |9 355582  |a BIBEDU  |b BIBEDU  |d 2019-11-21  |i 1157191  |o 780.77 YEP 1966  |p 1157191  |r 2023-01-12  |w 2019-11-21  |y BK  |k MUS